000 00716nam a22002297a 4500
003 DO-SdBNP
005 20220318131626.0
008 210827b 2017 dr 00| 0 eng d
020 _a9789945468748
040 _aDO-SdBNP
_bspa
_cBNPHU
082 4 _aRD861.5
_bG984m
_222
100 1 _aGutiérrez Tabar, Cristella
_979607
245 1 0 _aMi vida en poemas /
_cCristella Ondina Gutiérrez Tabar.
260 _aSanto Domingo :
_bAlfa & Omega,
_c2017.
300 _a118 p. ;
_c22 cm.
500 _aIncluye datos biográficos de la autora : p. 119
590 _anventariado, 2021/LP
650 4 _aPoesía dominicana
650 4 _aLiteratura dominicana
910 _aLopérez /Control de calidad MFF
942 _2ddc
_cLBS1
999 _c50303
_d50303